Star Wars Tales of the Jedi Characters - Statistics

General Stats
  • This quiz has been taken 57 times
  • The average score is 17 of 26
Answer Stats
Hint Answer % Correct
Ahsoka’s master Anakin Skywalker
98%
Togruta Jedi Ahsoka Tano
96%
Above’s master Obi Wan Kenobi
96%
Dooku’s padawan Qui-Gon Jinn
93%
Alderaan Senator who spoke with Ahsoka Bail Organa
91%
Sith Lord Darth Sidious
91%
Captain of the 501st Captain Rex
89%
Old Jedi master who watched Ahsoka train Yoda
89%
Jedi who turned to the dark side Count Dooku
84%
Jedi who joined Dooku on a mission Mace Windu
84%
Person whose funeral Ahsoka was at Padme Amidala
84%
Jedi who discovered Dooku’s secret Yaddle
84%
Jedi librarian Jocasta Nu
82%
Jedi Padawan who watched Ahsoka train Caleb Dume
73%
Jedi master who watched Ahsoka train Depa Billaba
67%
Jedi master who watched Ahsoka train Plo Koon
64%
Clone trooper who tried to capture Ahsoka Jesse
62%
Chandrila Senator who attended Above’s funeral Mon Mothma
62%
Old Jedi who helped train Ahsoka Tera Sinube
51%
The Jedi Dooku and Windu were investigating Master Katri
33%
Above’s mother Pav-ti
27%
Senator who’s son was kidnapped Senator Dagonet
22%
Senator for Raxus who was killed Senator Larik
20%
Ahsoka’s village elder Gantika
16%
Ahsoka’s father Nak-il
13%
Above’s security guard and killer Semage
13%
No matching quizzes found
Score Distribution
Percent of People with Each Score
Percentile by Number Answered
Your Score History
You have not taken this quiz